000
00311nam a22001457a 4500
008
231011b ||||| |||| 00| 0 eng d
020
_a
9789951003322
041
_a
shqip
080
_a
34
082
_a
34GAS
100
_a
32
101
_a
JURE
245
_a
KRIMI I ORGANIZUAR
_c
GASHI .R
942
_2
udc
_c
BK
999
_c
60427
_d
60427